August 1914

Bewaard in:
Bibliografische gegevens
Hoofdauteur: Solzhenitsyn, Alexander
Formaat: Boek
Taal:Undetermined
Gepubliceerd in: New York, Estados Unidos Hayar, Strausanand Giroux 1972
Onderwerpen:
Tags: Voeg label toe
Geen labels, Wees de eerste die dit record labelt!

MARC

LEADER 00000nam a2200000Ia 4500
008 170316s9999 xx 000 0 und d
040 |a cru BVZT 
090 |a 891 S-5a 
100 |a Solzhenitsyn, Alexander 
245 |a August 1914 
260 |a New York, Estados Unidos 
260 |b Hayar, Strausanand Giroux 
260 |c 1972 
300 |a 622 páginas 
650 |a LITERATURA RUSA 
999 |c 12097  |d 12097 
942 |c 15 D  |h 891 S-5a  |2 z